| 000 | 00486nam a2200157Ia 4500 | ||
|---|---|---|---|
| 999 |
_c18035 _d18035 |
||
| 082 | _aRR 912.5484 AND-P | ||
| 245 | 0 | _aPlanning atlas of Andhra Pradesh | |
| 260 |
_aHyderabad _bthe author _c1974 |
||
| 300 | _av.p. | ||
| 650 |
_aAndhra Pardesh _vAtlases |
||
| 650 |
_aAndhra Pradesh _vEconomic development |
||
| 650 |
_aSocial development _vAndhra Pradesh |
||
| 650 |
_aRegional development _vAndhra Pradesh |
||
| 710 | _aAndhra Pardesh. Department of finance and Planning | ||
| 942 | _cBK | ||